| 000 | 01459nam a2200133Ia 4500 | ||
|---|---|---|---|
| 008 | 220620s9999||||xx |||||||||||||| ||und|| | ||
| 020 | _a9783040000000 | ||
| 245 | 0 | _aEnergy Processes, Systems and Equipment | |
| 546 | _aEnglish[eng] | ||
| 650 | _afuel burners||asphalt roofing||heating equipment||biogas treatment||volatile methylsiloxanes||siloxane concentrations||adsorbents||regeneration||biogas||deep eutectic solvents||upgrading||absorption||COSMO-RS||economic analysis||air pollution||PM2.5 dust||ORC||working fluid||selection method||volumetric expander||thermodynamic analysis||lignite mine||PM2.5||PM10||WRF-CALMET/CALPUFF||health risk||grill||barbecue||stove||boiler||charcoal briquettes||liquid propane||particulate matter||gaseous air pollutants||energy performance gap||user behavior||energy poverty||pre-war tenement building||Trilateral Flash Cycle||T-s diagram||adiabatic expansion||retrofit||CO2 power cycle||low-temperature phase change material||paraffin wax||thermal energy storage||numerical modelling||scanning electron microscope||microturbine||stirling engine||fuel cell||expander||vane||lobe||screw||piston||Wankel||gerotor||microcogeneration||CHP||hydrofluoroolefins||hydrofluorocarbons||refrigerants||low GWP||energy conversion||fuels||energy storage||ecological and legal aspects | ||
| 700 | _aPietrowicz, Sławomir||Sówka, Izabela||Kolasiński, Piotr | ||
| 856 | _uhttps://mdpi.com/books/pdfview/book/4281 | ||
| 942 | _cEB | ||
| 999 |
_c34742 _d34742 |
||